NBA Trivia (Hard) - Statistics

General Stats
  • This quiz has been taken 267 times
  • The average score is 12 of 15
Answer Stats
Question Answer % Correct
How Many Championships Has Michael Jordan Won? 6
94%
Which NBA MVP Famously Had The Nickname 'The Big Ticket'? Kevin Garnett
92%
Which Team Originally Drafted Kobe Bryant Charlotte Hornets
91%
In The 1961-62 NBA Season Wilt Chamberlain Averaged 48.5 Minutes Per Game. True
90%
Which Team Drafted Carmelo Anthony Denver Nuggets
89%
Have The Pheonix Suns Ever Won An NBA Title? False
89%
Which Team Did Bob Pettit Play For? St Louis Hawks (Atlanta Hawks)
82%
How Many Titles Have The Lakers and Celtics Won Combined? 34
80%
How Many Divisions are there in the NBA? 6
79%
What Was Kareem Abdul-Jabbar's Original Name Lew Alcindor
79%
Is Adrian Dantley In The Naismith Hall Of Fame? True
78%
What Season Did The New York Knicks Win Their First NBA Title? 1969-70
77%
What Team Does Elvin Hayes Lead In Scoring All Time? Washington Wizards
77%
Is Shaquille O'Neal The Worst Free Throw Shooter In NBA History? False
74%
Which 2 Players Won Finals MVP's During The Bad Boy Pistons Era (1988-90)? Isiah Thomas and Joe Dumars
74%
No matching quizzes found
Score Distribution
Percent of People with Each Score
Percentile by Number Answered
Your Score History
You have not taken this quiz